[Event "MTS Logistics 2017"]
[Site "Urla"]
[Date "2017.07.09"]
[Round "5.1"]
[White "Bulmaga, Irina"]
[Black "Tuncer, Tuna"]
[Result "1/2-1/2"]
[WhiteElo "2412"]
[BlackElo "2274"]
[Annotator "TA"]
[PlyCount "139"]
[EventDate "2017.??.??"]
[EventType "schev"]
[EventCountry "TUR"]
[SourceTitle "playchess.com"]
[Source "ChessBase"]
[SourceQuality "1"]

{[%evp 12,139,0,0,10,0,2,0,0,-8,1,-8,-5,-8,0,0,-4,-2,87,92,94,83,96,79,71,83,87,19,32,25,29,25,16,25,24,22,32,28,36,0,10,8,226,218,226,218,231,218,227,213,312,76,78,79,95,69,59,66,66,65,74,80,90,64,74,0,85,86,83,66,57,18,25,21,22,28,75,51,62,42,40,17,89,85,76,68,141,0,0,0,0,0,0,0,0,0,0,0,0,0,0,0,0,0,0,0,0,0,0,0,0,0,0,0,0,0,0,0,0,0,0,0,0,0,0,0,0,0,0,0]} 1. e4 c5 2. Be2 Nc6 3. f4 g6 4. Nf3 Bg7 5. O-O d6 6. c3 {B21: Sicilian: 2 f4 and Morra Gambit} Nf6 (6... e5 7. fxe5 dxe5 8. Bc4 Nf6 9. d3 O-O 10. Bg5 Qd6 11. Nbd2 Be6 12. Qe2 Nh5 13. Be3 {0-1 (57) Fedoseev,V (2659)-Gelfand,B (2741) Berlin 2015}) 7. d3 {LiveBook: 43 Games} Rb8 8. Kh1 b5 9. a3 O-O 10. Be3 a5 11. Nbd2 b4 12. d4 bxc3 13. bxc3 cxd4 14. cxd4 d5 (14... e6 $11 {keeps the balance.}) 15. e5 $1 $16 {[%cal Re5f6]} Ng4 {[#]} 16. Bg1 $146 h5 17. Bd3 Nh6 18. Rc1 Rb6 {[%cal Bb8b6,Bb6a6,Ba6a7][%mdl 32]} 19. Nh4 (19. Nb3 $16) 19... e6 $11 20. Nhf3 Ba6 21. Bxa6 Rxa6 22. Nb3 Qa8 23. Nc5 $36 {[%mdl 2048] White has good play.} Ra7 24. Qa4 Rc8 25. Rc3 Rac7 26. Rfc1 Nb8 $2 {[#]} (26... Nd8 $11 {and Black has nothing to worry.}) 27. Nxe6 $1 $18 {[%mdl 512]} Rxc3 (27... fxe6 28. Rxc7) 28. Rxc3 Nc6 ({Not} 28... Rxc3 29. Qe8+ Bf8 30. Qxf8+ Kh7 31. Qg7#) 29. Nxg7 Kxg7 30. Rc5 Qa6 (30... Nf5 $142 31. Rxd5 Nce7) 31. h3 $2 (31. Rxd5 $18 {Threatens to win with Rc5.} Qf1 32. Qb5 Qxb5 33. Rxb5) 31... Nf5 32. Kh2 ({Much worse is} 32. Rxd5 Ng3+ 33. Kh2 Nf1+ 34. Kh1 Ng3+ 35. Kh2 Nf1+ 36. Kh1 Ng3+ $11) 32... Nce7 33. Qxa5 (33. Rxc8 {is more complex.} Qxc8 34. Qxa5 Qc1 35. Qd2 Qxa3 36. Bf2) 33... Qxa5 34. Rxa5 Rc2 $1 35. Rc5 Ra2 36. Rc3 Re2 37. Rc1 Ra2 38. Rc3 Re2 $1 39. a4 Ra2 40. a5 Rxa5 41. Bf2 {aiming for g4.} Ra2 42. Bh4 Nxh4 43. Nxh4 $11 {[%mdl 4096] Endgame KRN-KRN} Ra4 44. Rd3 Nc6 45. Nf3 Nd8 46. Ng5 Nc6 (46... h4 $11 {remains equal.}) 47. Rc3 Rc4 {[#]} 48. Rb3 $1 {[%cal Rb3b7] Rb7 is the strong threat.} Nd8 {[#]} ({Black should play} 48... Nb4 $1 $14) 49. Rb8 (49. Rb6 $1 $16) 49... Ne6 {The position is equal.} 50. Nxe6+ fxe6 {KR-KR} 51. Rb7+ Kf8 $1 52. Kg3 {Black must now prevent Kh4.} Rxd4 53. Kh4 {Strongly threatening Kg5.} Rxf4+ 54. Kg5 Rf5+ 55. Kxg6 Rxe5 56. g4 hxg4 57. hxg4 {White wants to mate with Kf6.} Re1 58. Kf6 {[%cal Rb7b8]} Kg8 59. g5 {Intending Rb8+ and mate.} Rf1+ 60. Kxe6 d4 61. Rd7 d3 62. Ke5 d2 63. Rxd2 Kg7 64. Rd6 Rf2 65. Ke4 Rf1 66. Ke5 Rf2 67. Rf6 Rxf6 68. gxf6+ Kf7 69. Kf5 Kf8 70. Ke4 {Precision: White = 59%, Black = 66%.} 1/2-1/2

[Event "MTS Logistics 2017"]
[Site "Urla"]
[Date "2017.07.09"]
[Round "5.2"]
[White "Koksal, Ege"]
[Black "Kesgin, Halit Kaan"]
[Result "1/2-1/2"]
[WhiteElo "2390"]
[BlackElo "2207"]
[Annotator "TA"]
[PlyCount "135"]
[EventDate "2017.??.??"]
[EventType "schev"]
[EventCountry "TUR"]
[SourceTitle "playchess.com"]
[Source "ChessBase"]
[SourceQuality "1"]

{[%evp 35,135,83,52,74,127,116,113,118,117,69,92,0,133,0,101,70,82,77,49,37,42,20,7,20,11,14,73,0,0,0,0,-15,8,0,0,0,0,0,0,0,9,0,0,0,196,200,194,182,191,192,441,123,506,192,191,25,87,0,143,0,29,0,0,0,0,0,0,0,0,-8,0,0,0,-8,0,0,0,0,0,0,0,0,0,0,0,0,5177,5057,785,0,0,0,0,0,0,0,0,0,0,0,0,0]} 1. d4 d5 2. c4 c6 3. Nc3 Nf6 4. Nf3 e6 5. Bg5 dxc4 6. e4 b5 7. e5 h6 8. Bh4 g5 9. Nxg5 hxg5 10. Bxg5 Nbd7 11. g3 Bb7 12. Bg2 Qb6 13. exf6 O-O-O 14. O-O c5 15. d5 b4 16. Na4 Qb5 17. a3 exd5 18. axb4 cxb4 19. Qg4 {D44: Semi-Slav: Botvinnik System} (19. Bf4 Bh6 20. Qd2 Bxf4 21. Qxf4 Bc6 22. Qd4 Kb8 23. Rfe1 Rhe8 24. Re7 Qa5 25. Rxf7 Bxa4 26. Bxd5 Qc5 {1-0 (61) Nakamura,H (2751)-Smeets,J (2662) Wijk aan Zee 2011}) 19... Bh6 (19... Bd6 $142) 20. Rfe1 $16 Bxg5 $146 ({Predecessor:} 20... Rdg8 21. h4 Bxg5 22. hxg5 d4 23. Qxd4 Bxg2 24. Kxg2 Rxg5 25. Re4 Qf5 26. Qxc4+ Kd8 27. Re8+ {0-1 (27) Babula,V (2581)-Kanovsky,D (2271) Luhacovice 2003}) 21. Qxg5 {White is better.} Qc6 22. Re7 Nxf6 23. Qf5+ (23. Nc5 $16 Qxc5 24. Qxf6) 23... Kb8 (23... Nd7 $1 $11 {keeps the balance.}) 24. Qe5+ (24. Rxf7 $16 Nd7 25. Qf4+ Ka8 26. Qd4) 24... Rd6 (24... Qd6 $1 $11 {remains equal.}) 25. Rxf7 Re8 26. Qd4 {Nc5 is the strong threat.} Ne4 27. Nc3 a6 28. Nxe4 dxe4 29. Qg7 Red8 30. h4 {next Re1 is good for White.} R8d7 (30... R6d7 $11) 31. h5 ({White should play} 31. Rc1 $16) 31... c3 $11 32. bxc3 $1 bxc3 33. Rc1 c2 34. Rxd7 $1 Rxd7 35. Qg8+ Ka7 36. Qb3 $36 {[%mdl 2048] White is pushing.} Rc7 37. Qe3+ Ka8 38. Bh3 Qc4 39. Bf5 {And now h6 would win.} Rf7 $2 (39... Qd5 $11 {and Black has nothing to worry.} 40. g4 Qd1+ 41. Kh2 Qd6+ 42. Kg1 Qd1+ 43. Kh2 Qd6+ 44. Kg2 Qe5) 40. g4 $18 Rf8 {aiming for ...Rd8.} 41. h6 $1 Rd8 {Hoping for ...Rd1+.} 42. h7 Rd1+ $2 (42... Qc7 {might work better.} 43. Kg2 (43. Qe2 $2 e3 $17) 43... Qc4) 43. Kg2 $2 (43. Kh2 $18 {is the precise move to win.} Qc7+ 44. Kg2 (44. Qg3 Qg7 $16)) 43... Rd8 $2 {[%mdl 8192]} (43... Qf1+ $16 44. Kg3 Qh1) 44. Rh1 $2 (44. Qf4 Qc6 45. Qe5) 44... Rh8 45. Kg3 $2 (45. Rf1 $18) 45... Qc7+ $1 $11 {[#]} 46. Kg2 (46. Kh3 $142 $1) 46... Qc4 $1 $16 47. g5 (47. Ra1 $16) 47... Qf7 (47... Qd5 $5 {[%cal Rd5f5]} 48. Bg4 Qf7 $11) 48. Bxe4 (48. Qc3 $5 {[%cal Rc3h8]} e3+ 49. Kg3 $18) 48... Rxh7 $1 49. Rc1 Rh4 50. Bxb7+ Qxb7+ $11 {[%mdl 4096] Endgame KQR-KQR} 51. Kg3 Rc4 52. Qe8+ Ka7 {White must now prevent ...Qc7+.} 53. Qe3+ Ka8 54. Qe8+ Rc8 55. Qe5 Qb3+ 56. f3 Rc3 57. Qe4+ Ka7 58. g6 Qb2 59. Qf4 Qa3 60. g7 Qb3 $2 {[%mdl 8192]} (60... Rxf3+ $11 61. Qxf3 Qxc1 62. Qf7+ Kb6 63. Qe6+ Kb5 64. Qb3+ Kc5 65. Qc3+ Kb5 66. Qe5+ Kb4 67. Qd4+ Kb5 68. Qd7+ Kb4 69. Qd4+ Kb5 70. Qd7+ Ka5 71. Qd5+ Kb4 72. Qd4+) 61. Qd4+ $18 Kb7 {[#]} 62. Qd7+ $2 (62. Qxc3 $1 $18 {[%mdl 512]} Qxc3 63. g8=Q Qe5+ 64. Kh3) 62... Rc7 $11 {The position is equal.} 63. Qg4 Qg8 64. Qb4+ Ka7 65. Qd4+ Kb7 66. Qb4+ Ka7 67. Qd4+ Kb7 68. Qb4+ {Precision: White = 44%, Black = 65%.} 1/2-1/2

[Event "MTS Logistics 2017"]
[Site "Urla"]
[Date "2017.07.09"]
[Round "5.3"]
[White "Ozen, Deniz"]
[Black "Maghalashvili, Davit"]
[Result "1/2-1/2"]
[WhiteElo "2351"]
[BlackElo "2489"]
[Annotator "TA"]
[PlyCount "17"]
[EventDate "2017.??.??"]
[EventType "schev"]
[EventCountry "TUR"]
[SourceTitle "playchess.com"]
[Source "ChessBase"]
[SourceQuality "1"]

{[%evp 13,17,32,28,34,41,14]} 1. e4 e6 2. d4 d5 3. exd5 exd5 4. Bd3 Bd6 5. Nf3 Ne7 6. O-O Bf5 7. Bxf5 Nxf5 8. Re1+ {C01: French: Exchange Variation} Ne7 9. Be3 $146 ({Predecessor:} 9. Nc3 c6 10. Bg5 O-O 11. Bh4 Nd7 12. Bg3 Bxg3 13. hxg3 Re8 14. Ne5 Nxe5 15. Rxe5 Ng6 16. Rxe8+ Qxe8 {½-½ (41) Moroz,R (2341)-Potrekeev,P (2183) Krasnodar 2012}) 1/2-1/2

[Event "MTS Logistics 2017"]
[Site "Urla"]
[Date "2017.07.09"]
[Round "5.4"]
[White "Dedebas, Emre Emin"]
[Black "Firat, Burak"]
[Result "0-1"]
[WhiteElo "2322"]
[BlackElo "2480"]
[Annotator "TA"]
[PlyCount "104"]
[EventDate "2017.??.??"]
[EventType "schev"]
[EventCountry "TUR"]
[SourceTitle "playchess.com"]
[Source "ChessBase"]
[SourceQuality "1"]

{[%evp 9,104,6,66,77,66,56,67,41,36,33,35,33,31,7,23,20,21,21,27,15,19,0,0,0,0,-24,-20,-18,0,1,1,8,16,16,30,0,13,10,14,0,0,-14,-10,-10,-10,-14,-11,-86,-93,-60,-56,-557,-449,-547,-137,-129,-128,-1068,-894,-1277,-1038,-1245,-1141,-1891,-1623,-1903,-2077,-847,0,-326,-306,-1033,-979,-712,-465,-5261,-5117,-29968,-29969,-29971,-29971,-29973,-29974,-29974,-29975,-29975,-29976,-29976,-29977,-29977,-29978,-29978,-29979,-29979,-29980,-29980,-29981]} 1. d4 Nf6 2. c4 b6 3. Nf3 Bb7 4. Nc3 d5 5. a3 (5. cxd5 Nxd5 6. e3 Nxc3 7. bxc3 g6 8. h4 h6 9. Bb5+ c6 10. Bd3 Nd7 11. e4 e5 12. a4 Bg7 13. Be3 Qe7 {1-0 (49) Fier,A (2576)-Iturrizaga Bonelli,E (2663) Medellin 2017}) 5... a6 $146 ({Black should play} 5... e6 $11) ({Predecessor:} 5... g6 6. Bg5 Bg7 7. Bxf6 Bxf6 8. cxd5 Bxd5 9. Nxd5 Qxd5 10. Qc2 Qc6 11. Qxc6+ Nxc6 {½-½ (45) Svane,R (2371)-Poetsch,H (2458) Korbach 2012}) 6. cxd5 $14 {A50: Queen's Fianchetto Defence (1 d4 Nf6 2 c4 b6)} Nxd5 7. Nxd5 Bxd5 8. Bf4 {Threatens to win with Rc1.White is slightly better.} e6 9. e3 Nd7 {[%cal Bb8d7,Bd7c5,Bc5e4][%mdl 32]} 10. Rc1 Bd6 11. Bg3 Bxg3 12. hxg3 c5 13. dxc5 Nxc5 14. b4 Ne4 15. Bc4 Bb7 16. Qxd8+ Rxd8 17. Ke2 Ke7 18. Rc2 Rd6 19. Rhc1 Rhd8 20. Ke1 Kf6 21. Be2 e5 22. Rc7 R8d7 23. Nh2 Ke6 24. Bf3 {Strongly threatening Rxb7!} Bd5 25. Nf1 (25. Bg4+ {looks sharper.} f5 26. Be2 Rxc7 27. Rxc7 b5 28. g4) 25... Rxc7 26. Rxc7 Rc6 27. Rxc6+ Bxc6 28. Bxe4 (28. g4 $11 {keeps the balance.} Kd7 29. Bxe4 Bxe4 30. f3) 28... Bxe4 $11 {[%mdl 4096] Endgame KB-KN} 29. f3 Bd3 {Hoping for ...Bxf1.} 30. e4 $2 {[%mdl 8192]} (30. Nd2 $15) 30... Bxf1 $1 $19 31. Kxf1 {KP-KP} Kd6 $2 (31... f5 $1 $19 {[%cal Rf5e4] has better winning chances.} 32. exf5+ Kxf5) 32. Ke2 $17 Kc6 $1 {[%cal Rc6b5] ...Kb5 is the strong threat.} 33. Kd3 $2 {[%mdl 8192]} (33. a4 $17) 33... Kb5 $1 $19 {[%cal Rb5a4]} 34. Kc3 Ka4 35. Kb2 h5 36. Ka2 a5 37. bxa5 Kxa5 38. Kb3 Kb5 $2 (38... b5 $1 $19 {And now ...g6 would win.} 39. f4 h4 $1 {[%mdl 512]} 40. gxh4 exf4) 39. a4+ $2 {[%mdl 8192] [#]} (39. g4 $11) 39... Kc5 $1 40. Kc3 $2 (40. g4 hxg4 41. fxg4) 40... g6 41. Kb3 f6 42. Kc3 {[#]} (42. f4 $142 g5 43. f5) 42... f5 $1 {[%cal Rf5e4]} 43. Kb3 fxe4 {Black mates.} 44. fxe4 Kd4 45. Kb4 Kxe4 46. Kb5 Kd4 47. Kxb6 {K3P-K3P} e4 48. a5 e3 49. a6 e2 50. a7 e1=Q 51. a8=Q Qe6+ 52. Kc7 Qe7+ {Precision: White = 34%, Black = 71%.} 0-1

[Event "MTS Logistics 2017"]
[Site "Urla"]
[Date "2017.07.09"]
[Round "5.5"]
[White "Gokerkan, Cem Kaan"]
[Black "Yilmazyerli, Mert"]
[Result "1/2-1/2"]
[WhiteElo "2321"]
[BlackElo "2459"]
[Annotator "TA"]
[PlyCount "29"]
[EventDate "2017.??.??"]
[EventType "schev"]
[EventCountry "TUR"]
[SourceTitle "playchess.com"]
[Source "ChessBase"]
[SourceQuality "1"]

{[%evp 13,19,22,21,14,23,17,34,16]} 1. e4 e5 2. Nf3 Nc6 3. Bc4 Nf6 4. d3 Bc5 5. c3 d6 6. O-O a6 7. a4 O-O 8. Re1 {C54: Giuoco Piano: 4 c3 Nf6, main lines with 5 d4 and 5 d3} Ba7 9. h3 Be6 10. Nbd2 {Predecessor:} Ne7 $146 11. Bxe6 fxe6 12. Nf1 Ng6 13. Ng3 Qd7 14. d4 exd4 15. cxd4 {½-½ (33) So,W (2782)-Tari,A (2570) Baku 2016} 1/2-1/2

[Event "MTS Logistics 2017"]
[Site "Urla"]
[Date "2017.07.09"]
[Round "5.6"]
[White "Ozen, Bahadir"]
[Black "Drasko, Milan"]
[Result "1/2-1/2"]
[WhiteElo "2315"]
[BlackElo "2451"]
[Annotator "TA"]
[PlyCount "33"]
[EventDate "2017.??.??"]
[EventType "schev"]
[EventCountry "TUR"]
[SourceTitle "playchess.com"]
[Source "ChessBase"]
[SourceQuality "1"]

{[%evp 19,20,1,6]} 1. g3 d5 2. Bg2 c6 3. Nf3 Bg4 4. c4 e6 5. cxd5 Bxf3 6. Bxf3 cxd5 7. O-O Nc6 8. d4 Nf6 9. Nc3 Be7 {A11: English Opening: 1...c6} 10. e3 O-O {LiveBook: 62 Games} {Predecessor:} 11. Bd2 $146 Rc8 12. Rc1 Nd7 13. Qe2 Nb6 14. Rfd1 a6 15. Be1 Bf6 16. Bg2 Rc7 17. Qc2 {½-½ (48) Cordova,E (2651)-Sevian,S (2601) Medellin 2017} 1/2-1/2

[Event "MTS Logistics 2017"]
[Site "Urla"]
[Date "2017.07.09"]
[Round "5.7"]
[White "Esen, Baris"]
[Black "Bagaturov, Giorgi"]
[Result "1/2-1/2"]
[WhiteElo "2528"]
[BlackElo "2412"]
[Annotator "TA"]
[PlyCount "59"]
[EventDate "2017.??.??"]
[EventType "schev"]
[EventCountry "TUR"]
[SourceTitle "playchess.com"]
[Source "ChessBase"]
[SourceQuality "1"]

{[%evp 15,59,21,35,37,31,37,41,45,44,33,77,74,66,56,51,62,51,50,50,42,55,51,60,73,78,31,31,40,53,-6,47,0,18,19,33,12,39,48,41,44,53,0,14,-21,0,0]} 1. d4 Nf6 2. c4 e6 3. Nc3 Bb4 4. Qc2 c5 5. dxc5 O-O 6. a3 Bxc5 7. Nf3 Nc6 8. Bg5 b6 9. Rd1 {E39: Nimzo-Indian: Classical: 4...c5 5 dxc5 0-0} Be7 10. e4 {[%cal Be2e4,Be4e5][%mdl 32]} h6 11. Bf4 {White is slightly better.} Bb7 12. Be2 Rc8 13. O-O (13. e5 $5 {[%cal Re5f6]} Nh5 14. Bc1 $14) 13... Na5 {[#]} 14. e5 $146 ({Predecessor:} 14. Nd2 d6 15. b4 Nc6 16. Nb3 e5 {1-0 (70) Sakaev,K (2647)-Kovacevic,A (2551) Budva 2002}) 14... Ne8 15. b3 Bxa3 16. Nb5 Bc5 17. Nxa7 Ra8 18. Nb5 Nc6 19. Qd2 Nb4 20. Nc3 Ra3 21. Qb2 Ra5 22. Rd2 (22. Na4 $14) 22... f5 ({Better is} 22... g5 $11 23. Bg3 Ng7) 23. exf6 Qxf6 24. Be5 Qf5 {[%cal Rb7f3]} 25. Bg3 d6 26. Nd4 Qf6 27. Ndb5 e5 28. Qb1 Qg5 29. Rdd1 Bc6 (29... h5 $5 {[%cal Rh5h4]} 30. Ne4 Bxe4 31. Qxe4 Ra2 $11) 30. Ne4 {Precision: White = 59%, Black = 59%.} 1/2-1/2

[Event "MTS Logistics 2017"]
[Site "Urla"]
[Date "2017.07.09"]
[Round "5.8"]
[White "Nevednichy, Vladislav"]
[Black "Arat, Ufuk Sezen"]
[Result "1-0"]
[WhiteElo "2524"]
[BlackElo "2400"]
[Annotator "TA"]
[PlyCount "115"]
[EventDate "2017.??.??"]
[EventType "schev"]
[EventCountry "TUR"]
[SourceTitle "playchess.com"]
[Source "ChessBase"]
[SourceQuality "1"]

{[%evp 15,115,26,41,47,33,44,43,22,45,57,50,49,60,56,56,56,56,56,56,56,56,56,56,56,58,58,58,58,70,48,68,64,69,75,95,94,81,66,72,67,73,47,39,42,106,68,70,73,84,80,88,87,83,87,76,93,101,107,138,67,96,66,93,99,113,120,117,113,66,45,147,147,132,80,70,0,4,0,54,40,40,40,49,40,49,48,50,44,79,79,125,125,132,114,514,522,580,560,532,512,514,514]} 1. e4 c6 2. d4 d5 3. e5 Bf5 4. Nf3 e6 5. Be2 c5 6. Be3 cxd4 7. Nxd4 Ne7 8. O-O Nbc6 9. Bb5 {B12: Caro-Kann: Advance Variation} a6 10. Bxc6+ $1 bxc6 (10... Nxc6 11. Nxf5 exf5 12. c3 Be7 13. Nd2 Nxe5 14. Bd4 f6 15. Re1 Nc6 16. Nf3 Qd7 17. Bb6 O-O 18. c4 Bd8 19. Bc5 Be7 20. Bb6 {½-½ (20) Anand,V (2779)-Mamedyarov,S (2768) Doha 2016}) 11. c4 $1 {White is slightly better.} dxc4 12. Qa4 Bd3 13. Rd1 {[%mdl 1024] White has compensation.} Qd7 14. Na3 $1 c5 {[#]} 15. Ndb5 $1 {[%mdl 512]} Nd5 {[#]} (15... axb5 16. Qxa8+) 16. Nc7+ $1 {[%mdl 512]} Nxc7 17. Qxd7+ Kxd7 18. Nxc4 $1 {[#] Black must now prevent Nb6+.} Nd5 $146 19. Rxd3 {Nb6+ is the strong threat.} Kc7 20. Bd2 Be7 21. Rc1 Rab8 22. b3 Rb7 23. h4 Ra8 24. h5 Kb8 25. Rg3 Bf8 26. Nd6 Bxd6 27. exd6 g6 $1 28. Rxc5 (28. Be3 $5) 28... Rd7 29. Rf3 Raa7 (29... Kb7 $14) 30. Rc6 Kb7 31. Rc4 $36 {[%mdl 2048] White is in control.} Kb6 32. Rd3 Ra8 33. hxg6 hxg6 34. Bb4 Nxb4 35. Rxb4+ $16 {[%mdl 4096] Endgame KRR-KRR} Kc5 36. Rc4+ Kb6 37. Kf1 (37. Rdc3 $1 $16) 37... Rad8 38. Rf4 f5 {[#]} 39. Rfd4 $1 e5 40. Rd5 e4 41. Rg3 Kc6 42. Rd4 Rg8 ({Black should try} 42... Kc5 $1 $14 43. Rc4+ Kb6) 43. Rc3+ Kb5 44. Ke2 ({White should play} 44. a3 {White threatens Rb4+ and mate.} Kb6 45. g4) 44... Rgd8 45. Rd5+ (45. a3 $14 Kb6 46. Rb4+ Ka7 47. Rc7+ Rxc7 48. dxc7) 45... Kb6 $11 46. Rg3 (46. g4 $5) 46... Rxd6 {[#]} (46... Kc6 $11 47. Rd4 Rxd6 48. Rxg6 Rxg6 49. Rxd8 Rxg2) 47. Rxg6 $1 $14 {[%mdl 512]} Rxg6 48. Rxd8 {aiming for Rf8.} Rxg2 $11 {KR-KR} 49. Rd6+ Kb7 50. Rf6 Rg5 51. Ke3 Rh5 52. Kd4 Ka7 53. b4 Kb7 {[#]} 54. a4 $1 e3 $2 {[%mdl 8192]} (54... Rh4 $16) 55. Kxe3 $18 {White is clearly winning.} Rh4 56. f4 Rh1 57. Rf7+ Kb8 58. Kd4 {Precision: White = 76%, Black = 39%.} 1-0

[Event "MTS Logistics 2017"]
[Site "Urla"]
[Date "2017.07.09"]
[Round "5.9"]
[White "Benidze, Davit"]
[Black "Guseynov, Alihan"]
[Result "1/2-1/2"]
[WhiteElo "2515"]
[BlackElo "2352"]
[Annotator "TA"]
[PlyCount "27"]
[EventDate "2017.??.??"]
[EventType "schev"]
[EventCountry "TUR"]
[SourceTitle "playchess.com"]
[Source "ChessBase"]
[SourceQuality "1"]

{[%evp 14,16,51,-64,-53]} 1. e4 g6 2. d4 Bg7 3. Nc3 d6 4. Be3 c6 5. Qd2 Nd7 6. f4 Ngf6 {B06: Modern Defence} (6... b5 7. Nf3 Ngf6 8. Bd3 O-O 9. f5 e5 10. fxe6 fxe6 11. O-O e5 12. dxe5 dxe5 13. a4 b4 14. Na2 a5 {1-0 (44) Ter Sahakyan,S (2582)-Kalashian,D (2419) Jermuk 2013}) 7. Nf3 O-O 8. O-O-O {LiveBook: 4 Games} (8. e5 $14 Ng4 9. Bg1) 8... b5 $1 {Predecessor:} 9. Bd3 $146 Ng4 10. Bg1 b4 11. Ne2 Qa5 12. Kb1 Ba6 13. h3 Bxd3 14. Qxd3 {0-1 (29) Korolev,A (2235)-Kurilin,A (2288) Bogoroditsk 2011} 1/2-1/2

[Event "MTS Logistics 2017"]
[Site "Urla"]
[Date "2017.07.09"]
[Round "5.10"]
[White "Evdokimov, Alexander A"]
[Black "Agdelen, Huseyin Can"]
[Result "1-0"]
[WhiteElo "2493"]
[BlackElo "2309"]
[Annotator "TA"]
[PlyCount "81"]
[EventDate "2017.??.??"]
[EventType "schev"]
[EventCountry "TUR"]
[SourceTitle "playchess.com"]
[Source "ChessBase"]
[SourceQuality "1"]

{[%evp 10,81,35,34,59,47,56,47,56,45,33,36,27,25,119,115,114,108,118,116,113,100,127,83,123,87,181,171,200,131,176,185,214,218,220,189,382,350,355,369,370,357,286,121,134,110,122,102,475,453,860,852,787,676,672,670,643,645,622,614,674,668,750,732,1673,1571,1953,1825,7830,8465,8722,10112,6139,6095]} 1. Nf3 Nf6 2. c4 g6 3. Nc3 d5 4. cxd5 Nxd5 5. h4 h5 6. e4 {LiveBook: 6 Games. A16: English Opening: 1...Nf6 with ...d5} Nb6 $146 ({Predecessor:} 6... Nxc3 7. bxc3 Bg7 8. d4 c5 9. Be3 Nc6 10. Qd2 Bg4 11. d5 Qa5 12. Rc1 Rd8 13. Ng5 {½-½ (69) Morozevich,A (2755)-Mamedyarov,S (2752) Moscow 2007}) 7. d4 Bg7 8. Be3 {White is slightly better.} Bg4 9. Bb5+ c6 10. Be2 O-O 11. Qd2 Bxf3 (11... N8d7 $11) 12. gxf3 $16 {[%cal Bg2f3,Bf3f4,Bf4f5][%mdl 32]} (12. Bxf3 $6 Nc4 $11) 12... e5 13. dxe5 Qxd2+ 14. Kxd2 Bxe5 15. f4 Bg7 16. Rhg1 N8d7 17. Kc2 Kh7 (17... Rfe8 $16) 18. a4 $18 {[%cal Ba2a4,Ba4a5][%mdl 32]} Rad8 19. f5 Rde8 20. a5 $36 {[%mdl 2048] White is really pushing.} Nc8 21. Rad1 Nf6 22. Bc5 Nxe4 $2 (22... gxf5 23. Bxf8 (23. exf5 Rg8 $16) 23... Bxf8) 23. Nxe4 Rxe4 24. Bd3 Rfe8 25. fxg6+ fxg6 {[#]} 26. Rxg6 $3 {[%mdl 512]} Kxg6 $16 27. f3 b6 28. Bxe4+ Rxe4 $4 {[%mdl 8192]} (28... Kf7 $16 {is a better chance.} 29. Rd7+ (29. Bxc6 bxc5 30. Bxe8+ Kxe8 $16) 29... Ne7) 29. fxe4 $18 {White is clearly winning.} bxc5 {[#]} (29... Bf6 $142 30. Bf2 bxa5) 30. Rd8 $1 Ne7 31. Rd7 Nc8 32. Rc7 Nd6 33. Rxc6 Be5 34. Ra6 c4 35. Rxa7 Kf6 36. a6 Bd4 37. Rd7 Ke6 38. a7 Bxa7 39. Rxa7 Nxe4 40. Ra5 Ng3 41. Kc3 {Precision: White = 76%, Black = 29%.} 1-0